000 00474nam a2200181Ia 4500
001 8841
005 20260306160639.0
008 260306t2011||||xx |||||||||||||| ||spa||
041 _aESP
082 _a371.4
_bG23
100 _aGarcía Labiano, José Miguel
_eAUT
245 0 _aPrograma de acción tutorial para la educación secundaria obligatoria
260 _c2011
300 _a407 páginas :
_c24 cm.
650 _aGEN
654 _aCED
942 _cLIB
_dJUS
_fJUS
_2ddc
_n
999 _c8841
_d8841